Was ist der Cruzado noch wert? Zur gegenwärtigen wirtschaftlichen Lage und den Aussichten Brasiliens

Saved in:
Bibliographic Details
Main Author: Sell, Friedrich L.
Format: Book
Language:German
Published: Kiel Institut für Weltwirtschaft 1988
Edition:1. Aufl.
Series:Kiel Discussion Papers 141
Tags: Add Tag
No Tags, Be the first to tag this record!

MARC

LEADER 00000nam a2200000 4500
001 c040038
005 20221219111417.8
041 0 |a ger 
044 |a DE 
245 1 0 |a Was ist der Cruzado noch wert?  |b Zur gegenwärtigen wirtschaftlichen Lage und den Aussichten Brasiliens  |c Friedrich L. Sell 
250 |a 1. Aufl. 
264 1 |a Kiel  |b Institut für Weltwirtschaft  |c 1988 
300 |a 36 s. 
490 1 |a Kiel Discussion Papers  |v 141 
830 0 |a Kiel Discussion Papers  |v 141 
100 1 |a Sell, Friedrich L.